000 00373cam a22001337a 4500
008 180718b1979 xxu||||| |||| 00| 0 eng d
082 _aW7x54 M474
100 _aMehta, D.S.
245 _aMass communication and journalism in India
_cby D.S. Mehta
260 _aBombay
_bAllied
_c1979
300 _axvii, 313p.
650 _aJournalism --India
650 _aMass media --India
999 _c436078
_d436078